Sector externo 1978-1981

সংরক্ষণ করুন:
গ্রন্থ-পঞ্জীর বিবরন
সংস্থা লেখক: Banco de Guatemala
বিন্যাস: পাঠ‍্য
প্রকাশিত: Guatemala: Banco de Guatemala
ট্যাগগুলো: ট্যাগ যুক্ত করুন
কোনো ট্যাগ নেই, প্রথমজন হিসাবে ট্যাগ করুন!

MARC

LEADER 00000 a a2200000 04500
001 23164
003
040 |a CRAI/IIS  |c CRAI/IIS 
090 |a 160000  
110 |a Banco de Guatemala  
245 |a Sector externo 1978-1981  
260 |a Guatemala:   |b Banco de Guatemala  
300 |a 28 p.   |b **no definido**   |b fonodiscos  
999 |c 17796  |d 17796